Responses for Show #7918 - Wednesday, January 30, 2019

Contestants

[<< previous game]

Joan Dietrich, a Montessori teacher from Sammamish, Washington

Sean Thompson, a library assistant from Quispamsis, New Brunswick, Canada

Jill Regan, an auditor from Dedham, Massachusetts (whose 2-day cash winnings total $51,602)

[next game >>]

Jeopardy! Round responses

HOPE YOU'VE BEEN STUDYING!
BRUSHED UP YOUR SHAKESPEARE
MAYBE SOME OSCAR WINNERS
DICTIONARY DEFINITIONS
THE PRESIDENTS, OF COURSE
& EVERYTHING ELSE IN THE WORLD
    $200 26
reading

Jill
    $200 12
A Winter's Tale

Sean
    $200 4
Michael Douglas

Joan
    $200 1
gluttony

Jill
    $200 11
the Chinese Communist Party

Sean
    $200 17
(Joan: What are Doritos?)

Cheetos

SeanJoan
    $400 27
ornithology

Jill
    $400 13
Iago

Sean
    $400 5
Gary Oldman

Jill
    $400 2
(Joan: What is a crown?)

a sovereign

JillJoan
    $400 20
Mexico

Jill
    $400 18
a (pool) noodle

Jill
    $600 28
(Sean: What is a thesis?)

a dissertation

JillSean
    $600 14
Falstaff

Jill
    $600 6
Moonlight

Jill
    $600 3
a prodigy

Joan
    $600 21
Argentina

Sean
    $600 19
a groundhog

Joan
    $800 29
a mutiny

Sean
    $800 15
a coward

Sean
    $800 8
(Oscar) Hammerstein

Joan
    $800 7
prognosis

Joan
    $3,600 22
Ukraine

Sean
    $800 24
Rosenstein

Sean
    $1000 30
a carrel

Sean
    $1000 16
Beatrice

Sean
    $1000 9
Schindler's List

Jill
    $1000 10
a rhubarb

Sean
    $1000 23
the Philippines

Sean
    $1000 25
the Tallchief sisters

Triple Stumper

Scores at the first commercial break (after clue 15):

Jill Sean Joan
$3,200 $2,600 $2,000

Scores at the end of the Jeopardy! Round:

Jill Sean Joan
$5,200 $11,000 $2,400

Double Jeopardy! Round responses

RECENT TV
VALLEYS
STARTS WITH 3 CONSONANTS
FRENCH MUSIC ABOUT SPAIN
FLYING CARS?
SPELLEMENTS
(Alex: You have to spell the element whose symbol will be given to you in the clue.)
    $400 2
Bryan Cranston

Sean
    $400 4
the Nittany Valley

Sean
    $400 9
a christening

Sean
    $400 15
"EspaƱa"

Sean
    $400 17
a stealth fighter

Jill
    $400 1
C-A-R-B-O-N

Sean
    $800 3
(Sean: Who is Julia Roberts?)

Amy Adams

Sean
Triple Stumper
    $800 5
wine

Sean
    $800 10
thrifty

Joan
    $800 16
the "Iberian" peninsula

Joan
    $800 21
the Thunderbird

Sean
    $800 11
(Sean: What is [spelling slowly] [*]?)
(Alex: They spell that way in Canada, don't they? Very slowly and very methodically.)

C-H-L-O-R-I-N-E

Sean
    $1200 23
(Sean: What is Buckets?)
...
(Alex: We have less than a minute now.)

Baskets

Sean
Triple Stumper
    $1200 6
a yucca

Triple Stumper
    $1200 12
a screenplay

Jill
    $6,800 18
"Bolero"

Jill
    $1200 22
(Joan: What is the LeBaron?)

LeSabre

Joan
Triple Stumper
    $1200 20
(Sean: What is C-A-D-M-I-M-U-M?)

C-A-D-M-I-U-M

SeanJoan
    $1600 24
Goliath

Triple Stumper
    $1600 7
smokes

Sean
    $1600 13
shred

Sean
    $1600 19
El Cid

Joan
    $1600 26
a Caravan

Joan
    $2000 25
the Unbreakable Kimmy Schmidt

Sean
    $3,800 8
the Valley of the Kings

Sean
    $2000 14
a phlebotomy

Joan
    $2000 27
the habanera

Triple Stumper
    $2000 28
[The end-of-round signal sounds.]

Triumph

Joan

Scores at the end of the Double Jeopardy! Round:

Jill Sean Joan
$13,600 $21,200 $11,200

[wagering suggestions for these scores]

Final Jeopardy! Round responses

WOMEN WRITERS
JoanWho is Dorothy Parker?
$10,100
JillWho is Virginia Woolf
$8,801
SeanWho is Jane Austin?
$6,001
Dorothy Parker

Final scores:

Jill Sean Joan
$4,799 $15,199 $21,300
3rd place: $1,000 2nd place: $2,000 New champion: $21,300

Game dynamics:

Coryat scores:

Jill Sean Joan
$8,000 $16,600 $11,200
14 R
(including 1 DD),
0 W
25 R
(including 2 DDs),
4 W
12 R,
3 W

Combined Coryat: $35,800

[game clues] [game scores] [suggest correction]

Game tape date: 2018-12-04
The J! Archive is created by fans, for fans. Scraping, republication, monetization, and malicious use prohibited; this site may use cookies and collect identifying information. See terms. The Jeopardy! game show and all elements thereof, including but not limited to copyright and trademark thereto, are the property of Jeopardy Productions, Inc. and are protected under law. This website is not affiliated with, sponsored by, or operated by Jeopardy Productions, Inc. Join the discussion at JBoard.tv.